• 首页
  • 本馆介绍
  • 公告通知
  • 最新文献
  • 馆藏检索
  • 电子资源
  • 读者导购
  • 参考咨询
  • 我的图书馆
  • 登录
  • 详细信息显示
  • 放入我的书架
  • 预约/预借图书
  • 作者相关作品
  • 分类相关作品
  • 丛书相关作品
  • 出版社相关作品

书目信息

  • 表格格式
  • 工作单格式
  • 卡片格式
题名:
九里水头村的青年志愿扫盲队
    
 
作者: 张太连 著
分册:  
出版信息: 济南   山东人民出版社  1956
页数: 25页
开本: 19cm
丛书名:
单 册:
中图分类: G725.81
科图分类:
主题词: 乡村教育--扫盲--工作经验
电子资源:
ISBN: T7099.93
000 00703cam0 2200241 450
001 0105410599
005 20061201150612.0
010    @aT7099.93@dCNY0.09
091    @aT7099.93@dCNY0.09
100    @a19970721d1956 em y0chiy0110 ea
101 0  @achi
102    @aCN@b370000
105    @ay z 000yy
106    @ar
200 1  @a九里水头村的青年志愿扫盲队@9Jiu Li Shui Tou Cun De;Di Qing Nian Zhi Yuan Sao Mang Dui @f张太连著@b专著
210    @a济南@c山东人民出版社@d1956
215    @a25页@d19cm
300    @a工农教育参考读物
606 0  @a乡村教育@x扫盲@x工作经验
690    @aG725.81@v3
701  0 @a张太连@9zhang tai lian@4著
801  0 @aCN@bAiZhiMarc
905    @aBZT@dG725.81@e3@f1@sG725.81/3
    
    九里水头村的青年志愿扫盲队/张太连著.-济南:山东人民出版社,1956
    25页;19cm
    工农教育参考读物
    
    ISBN T7099.93:CNY0.09
    
●
相关链接 在五车中查询图书 在当当中查询图书 在豆瓣中查询图书


正题名:九里水头村的青年志愿扫盲队     索取号:G725.81/3         预约/预借

序号 登录号 条形码 馆藏地/架位号 状态 备注
1 2000133026   2000133026   旧书回溯/ [索取号:G725.81/3] 在馆    
山东省滨州职业学院图书馆 欢迎您!
大连网信软件有限公司© 版权所有